01086nam a22002297a 450000500170000001000790001702000260009603500130012203500170013503700080015203700520016008200120021210000430022424501690026726000790043627001100051527001060062530000520073150000380078365000230082165000120084420180718145248.0  aHIN-87228  राष्ट्रपति-2 - B-691851	B-696810-825	MPLADS  a9788189982126c450.00  aB-691853  aB-696810-825  bdpl  bआर्य प्रकाशन मंडल  a808.856  aरांग्रा, रणवीर  aभारत के प्रमुख साहित्यकारों से अन्तरंग बातचीत /cरणवीर रांग्रा  aदिल्लीbआर्य प्रकाशन मंडल c2010  a24/4855-56, अंसारी रोड , दरियागंज ,b नई दिल्लीe110002  aIX/221, सरस्वती भंडार, गांधीनगर bदिल्ली	e110031  a304पृ.c22सेमी(सजिल्द)   a राष्ट्रपति-2  aऋग्वेद  aRigveda